00648nam a22001937a 4500003001000000005001700010008004100027020001800068040000900086082001600095100002200111245005200133250001100185260005000196300003800246500002000284651001800304856013200322NUST-PNEC20170116180736.0141126b xxu||||| |||| 00| 0 eng d a9788120342064 cPNEC a005.42 KEN akendall Kenneth E aSystems Analysis and DesigncKenneth E. Kendall a8th Ed aNew Jersey USAbPearson Education Inccc.2011 axxviii, 572 p. :bill. ;c28 cm. aIncludes Index. xMIS, Computer uhttp://www.amazon.com/Systems-Analysis-Design-8th/dp/8120342062/ref=sr_1_1?ie=UTF8&qid=1416993162&sr=8-1&keywords=9788120342064